Living beyond divorce : (Record no. 14799)

000 -LEADER
fixed length control field 00783nam a2200229 a 4500
001 - CONTROL NUMBER
control field :::00012633$&:&@@
003 - CONTROL NUMBER IDENTIFIER
control field OkBaRHE
005 - DATE AND TIME OF LATEST TRANSACTION
control field 20100331152301.0
008 - FIXED-LENGTH DATA ELEMENTS--GENERAL INFORMATION
fixed length control field s1984 j 000 0 eng u
020 ## - INTERNATIONAL STANDARD BOOK NUMBER
International Standard Book Number 0890814074 (pbk.)
040 ## - CATALOGING SOURCE
Transcribing agency
100 1# - MAIN ENTRY--PERSONAL NAME
Personal name Smoke, Jim.
245 10 - TITLE STATEMENT
Title Living beyond divorce :
Remainder of title the possibilities of remarriage
Statement of responsibility, etc Jim Smoke.
260 ## - PUBLICATION, DISTRIBUTION, ETC. (IMPRINT)
Place of publication, distribution, etc Eugene, Or.
Name of publisher, distributor, etc Harvest House Publishers
Date of publication, distribution, etc 1984
300 ## - PHYSICAL DESCRIPTION
Extent 159 p. ;
Dimensions 21 cm.
650 ## - SUBJECT ADDED ENTRY--TOPICAL TERM
Topical term or geographic name as entry element Divorce
General subdivision Religious aspects
-- Christianity.
650 ## - SUBJECT ADDED ENTRY--TOPICAL TERM
Topical term or geographic name as entry element Divorce
General subdivision United States.
650 ## - SUBJECT ADDED ENTRY--TOPICAL TERM
Topical term or geographic name as entry element Remarriage
General subdivision Religious aspects
-- Christianity.
650 ## - SUBJECT ADDED ENTRY--TOPICAL TERM
Topical term or geographic name as entry element Remarriage
General subdivision United States.
942 ## - ADDED ENTRY ELEMENTS (KOHA)
Source of classification or shelving scheme
Koha item type Books
Copies
Withdrawn status Date checked out Koha item type Copy number Full call number Damaged status Current Location Price effective from Shelving location Not for loan Date acquired Date last seen Permanent Location Source of classification or shelving scheme Barcode Total Checkouts Lost status
 2012-01-07Books1HQ 1019 .U6 S66 RHEMA Bible Training College2010-04-14General Stacks 2010-04-142012-01-14RHEMA Bible Training College 126331